logo

Bir Sreshtho Munshi Abdur Rouf Library
Jhenaidah Cadet College

Islam and ecology / (Record no. 6265)

MARC details
000 -LEADER
fixed length control field 00880pam a2200301 a 4500
001 - CONTROL NUMBER
JCCL Control Number 6265
003 - CONTROL NUMBER IDENTIFIER
JCCL marc code BD-JhCC
005 - DATE AND TIME OF LATEST TRANSACTION
control field 20180125190038.0
008 - FIXED-LENGTH DATA ELEMENTS--GENERAL INFORMATION
fixed length control field 920207s1992 nyu b 000 0 eng
020 ## - INTERNATIONAL STANDARD BOOK NUMBER
International Standard Book Number 0304323772
035 ## - SYSTEM CONTROL NUMBER
system control number (BD-JhCC)6265
040 ## - CATALOGING SOURCE
Original cataloging agency DLC
Transcribing agency DLC
Modifying agency DLC
-- BD-JhCC
041 ## - LANGUAGE CODE
Language code of Book eng
050 00 - LIBRARY OF CONGRESS CALL NUMBER
Classification number BP190.5.N38
Item number I85 1992
082 00 - DEWEY DECIMAL CLASSIFICATION NUMBER
Classification number 297/.1978362
DDC Edition number 20
Author mark and Year ISL 1992
245 00 - TITLE STATEMENT
Title Islam and ecology /
Statement of responsibility, etc edited by Fazlun M. Khalid with Joanne O'Brien.
260 ## - PUBLICATION, DISTRIBUTION, ETC. (IMPRINT)
Place of publication, distribution, etc New York, NY :
Name of publisher, distributor, etc Cassell,
Date of publication, distribution, etc 1992.
300 ## - PHYSICAL DESCRIPTION
Pagination xi, 111 p. ;
Dimensions 24 cm.
440 #0 -
Title World religions and ecology
504 ## - BIBLIOGRAPHY, ETC. NOTE
Bibliography, etc Includes bibliographical references.
650 #0 - SUBJECT ADDED ENTRY--TOPICAL TERM
Topical term or geographic name as entry element Human ecology
General subdivision Religious aspects
-- Islam.
650 #0 - SUBJECT ADDED ENTRY--TOPICAL TERM
Topical term or geographic name as entry element Islamic literature.
650 #0 - SUBJECT ADDED ENTRY--TOPICAL TERM
Topical term or geographic name as entry element Islam
Geographic subdivision Ecology
700 1# - ADDED ENTRY--PERSONAL NAME
Personal name Khalid, Fazlun M.
700 1# - ADDED ENTRY--PERSONAL NAME
Personal name O'Brien, Joanne,
Dates associated with a name 1959-
942 ## - ADDED ENTRY ELEMENTS (KOHA)
Source of classification or shelving scheme Dewey Decimal Classification
Koha item type Books
Holdings
Source of classification or shelving scheme Damaged status Not for loan Home library Current library Shelving location Date of accession Total Checkouts Full call number Barcode Date last seen Copy number Koha item type
Dewey Decimal Classification     JCC Rouf Library JCC Rouf Library General Stacks 01/18/2018   297/.1978362 ISL 1992 8779 01/18/2018 C-1 Books

JCC Library | Contacts | JCC Home

Last Update on 23 September 2017
Copyright @ 2017-2020 JCC Rouf Library
Rouf Library, Jhenidah Cadet College (JCC), Bangladesh